| 000 | 00330 a2200133 4500 | ||
|---|---|---|---|
| 001 | 34432 | ||
| 082 | _a629.83 PHI | ||
| 090 |
_c22731 _d22731 |
||
| 100 | _aPhillips, C L. | ||
| 245 |
_aFeedback control systems _cCharles L Phillips, |
||
| 260 |
_aLondon _bPrentice Hall _c1991 |
||
| 300 | _a664 p. | ||
| 600 | _aHarbor, Royce D. | ||
| 942 |
_aNUST-CAE _k629.83 PHI |
||
| 999 |
_c269505 _d269505 |
||